000 00301nam a22001337a 4500
008 140107t xxu||||| |||| 00| 0 eng d
020 _a969-35-1646-X
100 _aAshfaq Ahmad
_9531
240 _adhingamashti
245 _aDhenga Mashti
246 _adhinga mashti
300 _a340
942 _2ddc
_cBK
999 _c16802
_d16802